The economic pattern of modern Germany

Tallennettuna:
Bibliografiset tiedot
Päätekijä: Pounds, Norman J. G.
Aineistotyyppi: Kirja
Kieli:Undetermined
Julkaistu: New York Rand McNally 1964
Aiheet:
Tagit: Lisää tagi
Ei tageja, Lisää ensimmäinen tagi!
Thư viện lưu trữ: Trung tâm Học liệu Trường Đại học Cần Thơ
LEADER 00498nam a2200181Ia 4500
001 CTU_82181
008 210402s9999 xx 000 0 und d
082 |a 330.943 
082 |b P876 
100 |a Pounds, Norman J. G. 
245 4 |a The economic pattern of modern Germany 
245 0 |c Norman J. G. Pounds 
260 |a New York 
260 |b Rand McNally 
260 |c 1964 
650 |a Economic conditions 
904 |i Trọng Hải 
980 |a Trung tâm Học liệu Trường Đại học Cần Thơ